La chimica nella vita quotidiana / (Record no. 89593)

MARC details
000 -LEADER
campo de control de longitud fija 00601nam a2200193 i 4500
001 - NÚMERO DE CONTROL
campo de control 89593
003 - IDENTIFICADOR DE NÚMERO DE CONTROL
campo de control ES-MaACL
005 - FECHA Y HORA DE LA ÚLTIMA TRANSACCIÓN
campo de control 20230906180228.0
007 - CAMPO FIJO DE DESCRIPCIÓN FÍSICA--INFORMACIÓN GENERAL
campo de control de longitud fija t|
008 - DATOS DE LONGITUD FIJA--INFORMACIÓN GENERAL
campo de control de longitud fija 050111s1907 it ||||1| ita d
100 1# - ENTRADA PRINCIPAL--NOMBRE DE PERSONA
Nombre de persona Lassar-Cohn.
9 (RLIN) 70463
245 13 - MENCIÓN DEL TÍTULO
Título La chimica nella vita quotidiana /
Mención de responsabilidad, etc. Lassar-Cohn ; prima versione per Augusto Pugliese e Rudolph Neter.
250 ## - MENCION DE EDICION
Mención de edición 2ª ed.
260 ## - PUBLICACIÓN, DISTRIBUCIÓN, ETC.
Lugar de publicación, distribución, etc. Torino, etc. :
Nombre del editor, distribuidor, etc. Fratelli Bocca,
Fecha de publicación, distribución, etc. 1907 (
Fabricante Vincenzo Bona)
300 ## - DESCRIPCIÓN FÍSICA
Extensión 299 p. :
Otras características físicas il. ;
Dimensiones 21 cm.
700 1# - ENTRADA AGREGADA--NOMBRE PERSONAL
Nombre de persona Pugliese, Augusto.
9 (RLIN) 94215
700 1# - ENTRADA AGREGADA--NOMBRE PERSONAL
Nombre de persona Neter, Rudolph.
9 (RLIN) 85418
852 ## - LOCALIZACIÓN
Ubicación ES-MaACL
Número de control de estantería F-5005
Holdings
Estatus retirado Estado de pérdida Estado de daño No para préstamo Biblioteca de origen Biblioteca actual Ubicación en estantería Fecha de adquisición Fuente de adquisición Total de préstamos Signatura topográfica completa Código de barras Visto por última vez Precio de reemplazo Tipo de ítem Koha
        Biblioteca del Ateneo de Madrid Biblioteca del Ateneo de Madrid Depósito 2 17/01/2008     F-5005 1093569 23/02/2023 23/02/2023 Libro impreso